00406nam a2200133 a 450000500170000000800410001702000150005805000210007310000200009424500730011426000520018730000210023965000120026020140310183323.0060309s19uu xx 00 eng d a0523480733 aPZ 4b.H318 1983 aHarrison, Harry aStonehenge :bwhere Atlantis died /cHarry Harrison and Leon Stover. aNew York :bTom Doherty Associates Book,c1983. a345 p. :c18 cm. aFiction